Primera División Argentina 2017-2018 - Estadísticas

Estadísticas generales
  • Esta prueba ha sido intentada 204 veces
  • La puntuación promedio es 21 de 28
Estadísticas de respuestas
Equipo % Correcto
Boca Juniors
99%
River Plate
99%
Rosario Central
92%
San Lorenzo
92%
Independiente
91%
Racing Club
90%
Newell's
89%
Belgrano de Córdoba
82%
Estudiantes de La Plata
82%
Vélez Sarsfield
82%
Banfield
80%
Lanús
80%
Huracán
79%
Colón de Santa Fe
78%
Gimnasia de La Plata
78%
Talleres de Córdoba
78%
Argentinos Juniors
75%
Unión de Santa Fe
75%
Atlético Tucumán
71%
Godoy Cruz
68%
Arsenal de Sarandí
66%
San Martín de San Juan
61%
Defensa y Justicia
58%
Tigre
55%
Chacarita
54%
Patronato
54%
Olimpo
46%
Temperley
39%
No se encontraron pruebas coincidentes
Distribución de puntuación
Porcentaje de gente con cada puntuación
Porcentaje por número respondido
Historial de tus puntuaciones
No has intentado esta prueba.